Tekst piosenki "Crazy Frog" - Statystyki

Ogólne statystyki
  • Ten quiz został rozwiązany 62 razy
  • Średni wynik to 71 z 493
Statystyki odpowiedzi
Hint Odpowiedź % Poprawnych
386 crazy
58%
150 | 200 | 470 | +2 others i
47%
213 I
47%
19 | 51 | 174 a
44%
242 A
44%
404 o
40%
29 | 43 | 49 | +6 others w
40%
56 | 205 tu
33%
76 | 109 | 178 | +3 others Tu
33%
12 | 388 ta
26%
46 | 286
26%
465 Ta
26%
7 | 130 | 151 z
23%
163 | 426 bo
21%
235 | 279 Bo
21%
23 | 228 | 402 do
21%
40 | 378 | 409 mi
19%
193 by
16%
428 By
16%
1 Ile
16%
452 ile
16%
14 | 197 | 225 | +2 others na
16%
16 | 67 | 100 | +2 others Na
16%
288 see
16%
26 | 55 | 166 | +3 others się
16%
202 się,
16%
170 The
16%
143 | 161 | 168 | +2 others To
16%
154 | 165 | 191 | +3 others to
16%
429 tym
16%
25 Bałem
14%
361 Brak
14%
68 | 101 | 298 | 331 cały
14%
88 | 121 | 318 | 351 chcę
14%
60 | 93 | 290 | 323 Chciałeś
14%
264 Co
14%
282 | 413 | 438 | 445 co
14%
9 Czasy
14%
442 dłoni
14%
61 | 94 | 291 | 324 dobrze
14%
72 | 105 | 302 | 335 dres
14%
42 | 44 | 78 | +3 others dzień
14%
4 dziesionę
14%
47 ganję
14%
5 Googlowałem
14%
3 grozi
14%
31 grze
14%
243 ja
14%
471 | 491
14%
11 | 28 | 38 | +9 others jak
14%
436 | 443 | 450 Jak
14%
71 | 104 | 301 | 334 jeden
14%
32 | 90 | 123 | +2 others już
14%
77 | 110 | 307 | 340 każdy
14%
276 ma
14%
21 mam
14%
70 | 103 | 300 | 333 masz
14%
64 | 73 | 97 | +5 others Miałem
14%
358 miałem
14%
464 miłość
14%
181 | 196 | 229 | +4 others mnie
14%
15 | 391 motorze
14%
22 | 267 nic
14%
20 | 33 | 87 | +13 others nie
14%
271 | 424 Nie
14%
36 nieba
14%
35 nigdy
14%
459 | 483 od
14%
45 palę
14%
37 Pomysłów
14%
462 późno
14%
278 PR
14%
463 przyjąłem
14%
455 rodzin
14%
69 | 102 | 299 | 332 rok
14%
454 rozpada
14%
66 | 75 | 83 | +19 others samo
14%
222 | 440 serce
14%
490 skończył
14%
24 stracenia
14%
400 swoje
14%
460 swojej
14%
10 szalone
14%
17 szyi
14%
65 | 74 | 85 | +20 others tak
14%
82 | 115 | 312 | 345 Tak
14%
141 | 232 te
14%
30 tej
14%
260 ten
14%
412 Typy
14%
39 uciec
14%
281 | 451 widzę
14%
210 więcej
14%
80 | 113 | 310 | 343 wiesz
14%
84 | 117 | 223 | +2 others Wszystko
14%
6 | 359 | 437 | 444 wtedy
14%
79 | 112 | 309 | 342 wygląda
14%
62 | 95 | 292 | 325 wyszło
14%
3 za
14%
13 | 389 żaba
14%
457 żałuję
14%
27 | 203 | 421 | +2 others że
14%
8 ziomem
14%
63 | 96 | 293 | 326 źle
14%
410 znów
14%
419 Znowu
14%
34 zobaczę
14%
384 Zrobiłem
14%
89 | 122 | 319 | 352 żyć
14%
128 | 134 | 268 ale
12%
362 alternatyw
12%
188 ból
12%
405 Boże
12%
41 braknie
12%
175 był
12%
481 | 488 bym
12%
126 | 132 Chciałem
12%
237 Ci
12%
209 | 439 dałem
12%
468 dla
12%
427 ewoluuję
12%
187 Gdyby
12%
138 | 179 gdzie
12%
403 góry
12%
466 gra
12%
177 grzyb
12%
157 Halo,
12%
449 idol
12%
360 inne
12%
356 Intencje
12%
54 Jakbym
12%
478 jakbym
12%
374 jej
12%
215 | 467 jest
12%
224 kapie
12%
171 Last
12%
158 Mercedes
12%
153 moda
12%
57 modlił
12%
221 moje
12%
363 musiałem
12%
446 myślałem
12%
58 nad
12%
477 nawet
12%
172 of
12%
418 ogóle
12%
156 osiedlowy
12%
127 pieniędzy
12%
226 piosenkę
12%
484 początku
12%
408 pozwól
12%
131 pracy
12%
406 Proszę
12%
479 przegrał
12%
425 przeszkadzaj
12%
370 przypomina
12%
430 razem
12%
401 ręce
12%
369 relacji
12%
167 robi
12%
432 skończyło
12%
162 słuchaj
12%
367 Smak
12%
411 spaść
12%
155 styl
12%
375 swipe
12%
136 takich
12%
371 Tinder
12%
357 tripów
12%
368 tych
12%
152 ulicy
12%
173 Us
12%
366 wejść
12%
59 wiadrem
12%
176 wszędzie
12%
53 wyglądam
12%
472 wygram
12%
399 Wznoszę
12%
190 zabijał
12%
482 zaczął
12%
372 Zanim
12%
373 zrobię
12%
194 żył
12%
18 AOL
9%
50 Boga
9%
180 budzik
9%
183 budził
9%
476 Chociaż
9%
199 chwil
9%
212 chwilę
9%
206 dziś
9%
149 głowa
9%
234 goń
9%
148 Łysa
9%
475 mamo
9%
214 nadal
9%
211 niż
9%
423 pamiętają
9%
489 pewnie
9%
398 płaz
9%
207 Polskiej
9%
392 Potrzebuję
9%
420 przysięgają
9%
185 puszki
9%
208 scenie
9%
241 stąd
9%
204 stoję
9%
230 Szpaku
9%
218 Sztylet
9%
393 tego
9%
233 trendy
9%
217 tyle
9%
219 wbiłeś
9%
231 weź
9%
133 widoków
9%
52 właśnie
9%
474 zawiodę
9%
415 znają
9%
48 Zwątpiłem
9%
262 bardziej
7%
137 Bloków
7%
385 deszcz
7%
259 dureń
7%
201 dziwię
7%
257 im
7%
263 imponuje
7%
192 Jiraiya
7%
186 klik
7%
381 mokra
7%
227 Mówią
7%
195 Odkleiło
7%
287 omijam
7%
285 opinię
7%
198 parę
7%
376 przyjdzie
7%
146 pukały
7%
249 samotny
7%
147 sąsiadki
7%
160 słucham
7%
236 spadają
7%
394 tempa
7%
184 tylko
7%
261 Wam
7%
258 większy
7%
380 Wyjdzie
7%
289 ya
7%
239 zaraz
7%
238 zasięgi
7%
240 znikniesz
7%
275 aktualnie
5%
377 dac
5%
246 drodze
5%
379 fun
5%
251 Galopuję
5%
255 godność
5%
139 kiedy
5%
250 kowboj
5%
274 kto
5%
283 lubicie
5%
272 obchodzi
5%
252 patrząc
5%
140 pisałem
5%
247 pod
5%
266 potrafi
5%
248 prąd
5%
270 próbuje
5%
254 sprzedają
5%
142 tracki
5%
269 wszystkiego
5%
242 zakochany
5%
277 zjebany
5%
145 grzejnik
2%
397 wody
2%
Nie znaleziono quizów pasujących do podanych kryteriów
Rozkład punktacji
Procent ludzi z każdym wynikiem
Percentyl według liczby udzielonych odpowiedzi
Twoja historia wyników
Nie rozwiązałeś tego quizu